000
00314nam a2200133Ia 4500
005
20260326100030.0
008
260326s9999||||xx |||||||||||||| ||und||
100
_a
Thiry, Paul
245
0
_a
Churches & Temples /
_c
Paul Thiry
260
_b
Reinhold
300
_a
270 p.
650
_a
ARQUITECTURA CIVIL
942
_c
BK
999
_c
6582
_d
6582